000 00726nam a22002177a 4500
001 39763
003 UA-OsUOA
005 20230921121338.0
007 ta
008 20060627b un ||||| |||| 00| 0 ukr d
040 _aUA-OsUOA
_brus
_cUA-OsUOA
_dUA-OsUOA
041 _arus
080 _a94:82
090 _a94:82
_bХ90
245 _aИсторико-филологические исследования
_bсборник статей к семидесятилетию академика Н. И. Конрада
_cгл. ред. М. Б. Храпченко
260 _aМ.
_bНаука
_c1967
300 _a512 с.
650 7 _a9 Географія. Біографії. Історія
_2UDC
942 _cBK
_2udc
955 _a1
999 _c325904
_d325904